Bibilum Malayalavum (Record no. 51604)

MARC details
000 -LEADER
fixed length control field 00413nam a2200145Ia 4500
008 - FIXED-LENGTH DATA ELEMENTS--GENERAL INFORMATION
fixed length control field 211109s9999||||xx |||||||||||||| ||und||
082 ## - DEWEY DECIMAL CLASSIFICATION NUMBER
Classification number 894.81207
Item number ROS-B
100 ## - MAIN ENTRY--PERSONAL NAME
Personal name Rosy Thampy, Thampy
245 #0 - TITLE STATEMENT
Title Bibilum Malayalavum
260 ## - PUBLICATION, DISTRIBUTION, ETC.
Name of publisher, distributor, etc. D c Books
Place of publication, distribution, etc. Kottayam
Date of publication, distribution, etc. 1996
300 ## - PHYSICAL DESCRIPTION
Extent 256p
630 ## - SUBJECT ADDED ENTRY--UNIFORM TITLE
General subdivision General stack
650 ## - SUBJECT ADDED ENTRY--TOPICAL TERM
Topical term or geographic name entry element Malayalam literature
942 ## - ADDED ENTRY ELEMENTS (KOHA)
Koha item type BOOK
650 ## - SUBJECT ADDED ENTRY--TOPICAL TERM
Form subdivision Literature & rhetoric
General subdivision Malayalam studyMalayalam

No items available.

Powered by Koha